000 00570nam a2200229Ia 4500
003 OSt
005 20221005123205.0
006 a|||||r|||| 00| 0
007 ta
008 221004b |||||||| |||| 00| 0 tam d
024 _a50254
037 _cTextual
040 _aCRL
_cCRL
_btam
041 _2tam
_atam
082 _aO31,3NIL,1, J1
100 _aIlamaipiththan Au.
_9633313
245 0 _aKulavilakku
260 _c1951
650 _aTAMIL FICTION
942 _hO31,3NIL,1, J1
_cTEXL
_2cc
999 _c1046678
_d1046678